|
|
|
|
| LEADER |
00000caa a22000002c 4500 |
| 001 |
1912484528 |
| 003 |
DE-627 |
| 005 |
20250126054942.0 |
| 007 |
tu |
| 008 |
241217s1995 xx ||||| 00| ||eng c |
| 035 |
|
|
|a (DE-627)1912484528
|
| 035 |
|
|
|a (DE-599)KXP1912484528
|
| 040 |
|
|
|a DE-627
|b ger
|c DE-627
|e rda
|
| 041 |
|
|
|a eng
|
| 084 |
|
|
|a 2,1
|2 ssgn
|
| 100 |
1 |
|
|a Hope, Tim
|e VerfasserIn
|0 (DE-588)170203964
|0 (DE-627)060257180
|0 (DE-576)131107690
|4 aut
|
| 109 |
|
|
|a Hope, Tim
|
| 245 |
1 |
0 |
|a Community crime prevention
|
| 264 |
|
1 |
|b University of Chicago Press
|c 1995
|
| 336 |
|
|
|a Text
|b txt
|2 rdacontent
|
| 337 |
|
|
|a ohne Hilfsmittel zu benutzen
|b n
|2 rdamedia
|
| 338 |
|
|
|a Band
|b nc
|2 rdacarrier
|
| 773 |
0 |
8 |
|i Enthalten in
|t Building a Safer Society: Strategic Approaches to Crime Prevention. Crime and Justice: A Review of Research
|g 19(1995), Seite 21-89
|
| 773 |
1 |
8 |
|g volume:19
|g year:1995
|g pages:21-89
|
| 787 |
0 |
8 |
|i Forschungsdaten
|a Skogan, Wesley G.
|t Disorder and Community Decline in Forty Neighborhoods of the United States, 1977-1983
|d [Erscheinungsort nicht ermittelbar] : [Verlag nicht ermittelbar], 1989
|w (DE-627)1840067519
|
| 787 |
0 |
8 |
|i Forschungsdaten
|a Taub, Richard
|t Crime Factors and Neighborhood Decline in Chicago, 1979
|d [Erscheinungsort nicht ermittelbar] : [Verlag nicht ermittelbar], 1984
|w (DE-627)1840067586
|
| 787 |
0 |
8 |
|i Forschungsdaten
|a Fowler, Floyd J.
|t Residential Neighborhood Crime Control Project: Hartford, Connecticut, 1973, 1975-1977, 1979
|d [Erscheinungsort nicht ermittelbar] : [Verlag nicht ermittelbar], 1984
|w (DE-627)1840068868
|
| 787 |
0 |
8 |
|i Forschungsdaten
|a Great Britain Home Office Research and Planning Unit
|t British Crime Survey, 1988
|d [Erscheinungsort nicht ermittelbar] : [Verlag nicht ermittelbar], 1993
|w (DE-627)1840062657
|
| 787 |
0 |
8 |
|i Forschungsdaten
|a Home Office (United Kingdom). Research and Planning Unit
|t British Crime Surveys, 1984
|d [Erscheinungsort nicht ermittelbar] : [Verlag nicht ermittelbar], 1987
|w (DE-627)1840068779
|
| 935 |
|
|
|a mkri
|
| 951 |
|
|
|a AR
|
| ELC |
|
|
|b 1
|
| LOK |
|
|
|0 000 xxxxxcx a22 zn 4500
|
| LOK |
|
|
|0 001 4637450020
|
| LOK |
|
|
|0 003 DE-627
|
| LOK |
|
|
|0 004 1912484528
|
| LOK |
|
|
|0 005 20241217044231
|
| LOK |
|
|
|0 008 241217||||||||||||||||ger|||||||
|
| LOK |
|
|
|0 035
|a (DE-2619)ICPSR14717
|
| LOK |
|
|
|0 040
|a DE-2619
|c DE-627
|d DE-2619
|
| LOK |
|
|
|0 092
|o n
|
| LOK |
|
|
|0 852
|a DE-2619
|
| LOK |
|
|
|0 852 1
|9 00
|
| LOK |
|
|
|0 935
|a uvkn
|a nacp
|
| LOK |
|
|
|0 939
|a 17-12-24
|b l01
|
| ORI |
|
|
|a SA-MARC-krimdoka001.raw
|